| 000 | 00671nam a2200217Ia 4500 | ||
|---|---|---|---|
| 003 | OSt | ||
| 005 | 20250702112057.0 | ||
| 008 | 210210b1990 xxu||||| |||| 00| 0 eng d | ||
| 040 | _cAL | ||
| 041 | _aKannada | ||
| 082 | _aK894.3 SHRV | ||
| 100 |
_aSHRIKANTHANENI RADHAKRASHNAMURTI. _dಶ್ರೀಕಂಠನೇನಿ ರಾಧಾಕೃಷ್ಣಮೂರ್ತಿ _9216847 |
||
| 245 |
_aValmiki _b ವಾಲ್ಮೀಕಿ |
||
| 260 |
_aBengaluru _bVijayavahini _c1990 |
||
| 300 | _a208 | ||
| 650 |
_aSharadatanaya _9216848 |
||
| 690 |
_aKannada Fiction _9216849 |
||
| 700 |
_aSharadatanaya _d ಶಾರದತನಯ tr. _9216850 |
||
| 906 | _a045243 | ||
| 942 |
_2ddc _cBK |
||
| 999 |
_c95025 _d95025 |
||